Race discrimination in the construction industry (Record no. 81293)

MARC details
000 -LEADER
fixed length control field 01348cad a22002895a 4500
001 - CONTROL NUMBER
control field L146799
008 - FIXED-LENGTH DATA ELEMENTS--GENERAL INFORMATION
fixed length control field 110812e20090219xxk f 000 0 eng d
020 ## - INTERNATIONAL STANDARD BOOK NUMBER
International Standard Book Number 9781842061534
035 ## - SYSTEM CONTROL NUMBER
System control number (Sirsi) u146799
041 0# - LANGUAGE CODE
Language code of text/sound track or separate title eng
100 1# - MAIN ENTRY--PERSONAL NAME
Personal name Caplan, Andrew
245 00 - TITLE STATEMENT
Title Race discrimination in the construction industry
Remainder of title a thematic review
Medium [electronic resource]
260 ## - PUBLICATION, DISTRIBUTION, ETC.
Date of publication, distribution, etc. 2009
490 ## - SERIES STATEMENT
Series statement EHRC Research report
Volume/sequential designation (23)
520 ## - SUMMARY, ETC.
Summary, etc. Reviews the literature on racial discrimination and racial equality in the construction industry in Great Britain. It was prepared to inform the Equality and Human Rights Commission's Inquiry on Race Discrimination in the Construction Industry. Covers all aspects of the construction industry workforce, focusing on non-white ethnic minority workers.
590 ## - LOCAL NOTE (RLIN)
Local note KA
650 24 - SUBJECT ADDED ENTRY--TOPICAL TERM
Topical term or geographic name entry element HUMAN RIGHTS ACT 1998
651 #4 - SUBJECT ADDED ENTRY--GEOGRAPHIC NAME
Geographic name United Kingdom
Chronological subdivision
690 ## - LOCAL SUBJECT ADDED ENTRY--TOPICAL TERM (OCLC, RLIN)
Topical term or geographic name as entry element MANAGEMENT-BUSINESS MANAGEMENT-DISCRIMINATION-RACE DISCRIMINATION
700 1# - ADDED ENTRY--PERSONAL NAME
Personal name Aujla, Amir
700 1# - ADDED ENTRY--PERSONAL NAME
Personal name Prosser, Shelagh
700 1# - ADDED ENTRY--PERSONAL NAME
Personal name Jackson, June
710 ## - ADDED ENTRY--CORPORATE NAME
Corporate name or jurisdiction name as entry element Equality Research and Consulting Ltd
9 (RLIN) 5971
710 ## - ADDED ENTRY--CORPORATE NAME
Corporate name or jurisdiction name as entry element Equality and Human Rights Commission
9 (RLIN) 5366
856 40 - ELECTRONIC LOCATION AND ACCESS
Uniform Resource Identifier <a href="https://www.equalityhumanrights.com/uploaded_files/download_race_inquiry_thematic_review.pdf">https://www.equalityhumanrights.com/uploaded_files/download_race_inquiry_thematic_review.pdf</a>
Public note View the item free of charge at www.equalityhumanrights.com
942 ## - ADDED ENTRY ELEMENTS (KOHA)
Suppress in OPAC 0
Holdings
Withdrawn status Lost status Source of classification or shelving scheme Damaged status Not for loan Home library Current library Shelving location Date acquired Total Checkouts Full call number Barcode Date last seen Copy number Price effective from Koha item type
    Dewey Decimal Classification     Virtual Virtual Online 02/03/2009   ONLINE PUBLICATION 146799-2001 06/08/2019 1 06/08/2019 Book